| 000 | 01008nam0a22002651 4500 | ||
|---|---|---|---|
| 001 | v19\rc\1777208 | ||
| 005 | 20260405170851.0 | ||
| 035 | _a(NLR Aleph) 005250363 | ||
| 090 |
_a5797417 _c5797417 |
||
| 100 | _a20061204d1904 |||y0rusy50 ca | ||
| 101 | 0 | _arus | |
| 102 | _aRU | ||
| 105 | _aa z ||||| | ||
| 200 | 1 |
_aПроснитесь! _e(Доброе сл. к обитательницам "веселых домов" и "одиночкам") _f[Кармен] |
|
| 210 |
_aОдесса _cОдесск. отд. Рос. о-ва защиты женщин _d1904 |
||
| 215 |
_a14, [1] с. _cил. _d22 |
||
| 300 | _aАвт. указан в конце текста | ||
| 700 | 1 |
_8rus _7ca _aКармен _bЛ. О. _f1876-1920 _gЛазарь Осипович _3RU\NLR\AUTH\7772596 _955524 |
|
| 801 | 2 |
_aRU _bNLR _c20090322 _2rusmarc |
|
| 801 | 0 |
_aRU _bNLR _c20061204 _gpsbo |
|
| 801 | 0 |
_aRU _bRuMoRGB _c20061204 _2psbo |
|
| 801 | 1 |
_aRU _bProSoft-M _c20061204 _2rusmarc |
|
| 852 |
_aNLR _j34.48.4.1302 |
||
| 942 | _cBOOK | ||
| 980 | _aNB | ||